Ditjelah-tjelah kehidupan nabi Muhammad s.a.w. (Record no. 65927)

MARC details
000 -LEADER
fixed length control field 00599cam a22002291 4500
001 - CONTROL NUMBER
control field sa 65008890
003 - CONTROL NUMBER IDENTIFIER
control field DLC
005 - DATE AND TIME OF LATEST TRANSACTION
control field 20260227112158.0
008 - FIXED-LENGTH DATA ELEMENTS--GENERAL INFORMATION
fixed length control field 880708s1964 io 000 0 ind
010 ## - LIBRARY OF CONGRESS CONTROL NUMBER
LC control number sa 65008890
025 ## - OVERSEAS ACQUISITION NUMBER
Overseas acquisition number PL480:Indo-1945
035 ## - SYSTEM CONTROL NUMBER
System control number (OCoLC)18193063
040 ## - CATALOGING SOURCE
Original cataloging agency DLC
Transcribing agency ICRL
Modifying agency DLC
042 ## - AUTHENTICATION CODE
Authentication code premarc
050 00 - LIBRARY OF CONGRESS CALL NUMBER
Classification number BP75
Item number .H34
100 1# - MAIN ENTRY--PERSONAL NAME
Personal name Hassan, ʻAbbas.
245 10 - TITLE STATEMENT
Title Ditjelah-tjelah kehidupan nabi Muhammad s.a.w.
250 ## - EDITION STATEMENT
Edition statement [Tjet. 1]
260 ## - PUBLICATION, DISTRIBUTION, ETC.
Place of publication, distribution, etc. Djakarta,
Name of publisher, distributor, etc. Bakti Pustaka,
Date of publication, distribution, etc. 1964.
300 ## - PHYSICAL DESCRIPTION
Extent 80 p.
Dimensions 18 cm.
600 00 - SUBJECT ADDED ENTRY--PERSONAL NAME
Personal name Muḥammad,
Titles and other words associated with a name Prophet,
Dates associated with a name -632.

No items available.

Powered by Koha